000 00347nam a22001577a 4500
020 _a978-81-8360-181-8
041 _aENG
100 _a Prasad.R.K
245 _aNon Conventional Energy Sources
250 _a4 th Editon
260 _aNew Delhi
_bJain Brothers
_c2014
300 _a608
650 _aEOES
700 _aOjha.T.P
856 _uEOES
999 _c74
_d74